| 000 | 00859nam a22002897a 4500 | ||
|---|---|---|---|
| 001 | 00526 | ||
| 003 | DO-SdBPM | ||
| 005 | 20250807092447.0 | ||
| 007 | ta | ||
| 008 | 160610b1978 || 00| 0 spa d | ||
| 040 |
_aDO-SdBPM _bspa _cBPMSU _erda |
||
| 082 | 4 |
_a158.4 _bY12n 1978 _222 |
|
| 100 | 1 |
_aYager, Dexter R. _d1939- _eautor |
|
| 245 | 1 | 0 |
_aNo permitas que nadie te robe tu sueño / _cDexter Yager, Douglas Wead |
| 260 | _c | ||
| 264 |
_a[Sin lugar ] : _bSin Editorial, _c1978 |
||
| 300 |
_a63 páginas . ; _c21 cm. |
||
| 336 |
_atexto _btxt _2rdacontent |
||
| 337 |
_asin meditación _bn _2rdamedia |
||
| 338 |
_avolument _bnc _2rdacarrier |
||
| 590 | _aInventariado, 2025/VM | ||
| 650 | 7 | _aÉxito en los negocios | |
| 650 | 7 | _aLiderazgo | |
| 700 | 1 |
_aWead, Douglas _ecolaborador |
|
| 910 | _aVMateo V. Control de calidad. BPMSU | ||
| 942 |
_2ddc _cBK |
||
| 999 |
_c10351 _d10351 |
||